00555 2200217 4500001002100000005001500021035002000036007000300056008004100059020001800100082001100118084001700129100001800146245005200164250001000216260003500226300002100261650002700282700002000309990000800329INLIS00000000000021420170914094733 a0010-0917000200ta170914 0 ind  a979-3762-33-0 a297.63 a297.63 AIS c0 aAisha, chuang1 aCinta Doang? :bGak Cukup Dong! /cAisha Chuang aCet.1 aJakarta :bQultum Media,c2006 a133 hlm ;c19 cm aManajemen cinta Islami0 aShodiq Muhammad a260